00625nam a2200205 a 4500008004100000020003200041040002500073041001300098044000900111080001000120100002300130245007600153250001300229260004600242300002800288490002300316500002500339700002900364700002600393951121s1989||||[C 0 slo c c28 Kčs. q(26000 výtl.) aSNKbslocSNKeAACR21 aslohger a[CS] a830-31 aBergius, C.C.4aut10aŠpanielska ruletacC.C. Bergius ; Elena Kučerová, Karol Rosmány a1., vyd. aBratislavabSmenac1989eŽilinafPravda a319 s., 18,14 AHc20 cm0 aLabyrintvZv. 142. aRozlož. tit. list.1 aKučerová, Elena4trl1 aRosmány, Karol4bkd